000 00288nam a22001337a 4500
008 170204b xxu||||| |||| 00| 0 eng d
020 _a0801838754
041 _aeng
080 _a61
100 _a3
101 _aSHM
245 _aHEALT CARE COST CONTAINMENT
_cDAVIS, K
942 _2udc
_cBK
999 _c4588
_d4588